000 00267nam a22001217a 4500
008 170223b xxu||||| |||| 00| 0 alb d
041 _aalb
080 _a616.31
100 _a5
101 _aSHK
245 _aKIRURGJIA E PERGJITHSHME
_cGRUP AUTORESH
942 _2udc
_cBK
999 _c6129
_d6129